Priestorová dimenzia chudoby bakalárska práca

Gespeichert in:
Bibliographische Detailangaben
1. Verfasser: Kmeťová, Eva
Körperschaft: Fakulta hospodárskej informatiky EU. Katedra štatistiky
Weitere Verfasser: Labudová, Viera, 1958-
Format: Buch
Sprache:Slowakisch
Veröffentlicht: Bratislava 2014
Tags: Tag hinzufügen
Keine Tags, Fügen Sie das erste Tag hinzu!

MARC

LEADER 00000nbm a2200000 4500
001 0191727
005 20170201102747.3
041 0 |a slo 
044 |a SK 
245 1 0 |a Priestorová dimenzia chudoby  |b bakalárska práca  |c Eva Kmeťová ; školiteľ: Viera Labudová 
264 1 |a Bratislava  |c 2014 
300 |a 37 s. 
100 1 |a Kmeťová, Eva 
700 1 |a Labudová, Viera, 1958- 
710 2 |a Fakulta hospodárskej informatiky EU. Katedra štatistiky